|
|
|
|
| LEADER |
00000nam0a2200000 4500 |
| 001 |
293897 |
| 005 |
20231102000634.0 |
| 035 |
|
|
|a (RuTPU)RU\TPU\book\318946
|
| 035 |
|
|
|a RU\TPU\book\292799
|
| 090 |
|
|
|a 293897
|
| 100 |
|
|
|a 20150507d1983 k y0rusy50 ca
|
| 101 |
0 |
|
|a rus
|
| 102 |
|
|
|a UA
|
| 105 |
|
|
|a y z 001zy
|
| 200 |
1 |
|
|a Спектральная теория операторов в задачах математической физики
|e сборник научных трудов
|f Академия наук Украинской ССР (АН УССР), Институт математики ; под ред. Ю. М. Березанского
|
| 210 |
|
|
|a Киев
|c Изд-во АН УССР
|d 1983
|
| 215 |
|
|
|a 138 с.
|
| 320 |
|
|
|a Библиогр. в конце ст.
|
| 606 |
1 |
|
|a Математическая физика
|2 stltpush
|3 (RuTPU)RU\TPU\subj\41221
|9 61028
|
| 610 |
1 |
|
|a математика
|
| 610 |
1 |
|
|a спектральная теория
|
| 610 |
1 |
|
|a операторы
|
| 610 |
1 |
|
|a граничные задачи
|
| 610 |
1 |
|
|a дифференциальные уравнения
|
| 610 |
1 |
|
|a прямые задачи
|
| 610 |
1 |
|
|a обратные задачи
|
| 610 |
1 |
|
|a рассеяние
|
| 610 |
1 |
|
|a научные труды
|
| 675 |
|
|
|a 53:51
|v 4
|
| 702 |
|
1 |
|a Березанский
|b Ю. М.
|4 340
|
| 712 |
0 |
2 |
|a Академия наук Украинской ССР (АН УССР)
|b Институт математики
|2 stltpush
|3 (RuTPU)RU\TPU\col\11281
|
| 801 |
|
1 |
|a RU
|b 63413507
|c 20140919
|
| 801 |
|
2 |
|a RU
|b 63413507
|c 20170720
|g RCR
|
| 942 |
|
|
|c BK
|